000
00216nam a2200097Ia 4500
005
20251222114409.0
008
251222s1900||||xx |||||||||||||| ||spa||
082
_a
DVD0110/B58/2007
245
0
_a
Ratatoulle:
942
_c
DVD
999
_c
1970
_d
1970